Statistics for Anime Series Quiz

Click here to take the quiz!

General Stats

  • This quiz has been taken 3,134 times
  • The average score is 9 of 15

Answer Stats

HintAnswer% Correct
Light YagamiDeath Note
96%
Eren YeagerAttack on Titan
95%
Sasuke UchihanNaruto: Shippuden
92%
Ash KetchumPokémon
90%
KiritoSword Art Online
89%
Ichigo KurosakiBleach
88%
InuyashaInuyasha
82%
Lucy HeartfiliaFairy Tail
80%
Gon FreecssHunter x Hunter
78%
Ryuko MatoiKill la Kill
34%
『  』No Game No Life
34%
Yukiteru AmanoFuture Diary
32%
TatsumiAkame ga Kill!
31%
ShiroeLog Horizon
15%
Kagetane HirukoBlack Bullet
9%

Score Distribution

Percentile by Number Answered

Percent of People with Each Score

Your Score History

You have not taken this quiz